Catálogo - Centro de Recursos para el Aprendizaje y la Investigación

Volver al Sitio - CRAI Biblioteca

Apuntes básicos de derecho internacional público (Registro nro. 114213)

Detalles MARC
000 -CABECERA
campo de control de longitud fija 02194nam a2200277 a 4500
001 - NÚMERO DE CONTROL
campo de control 114212
003 - IDENTIFICADOR DEL NÚMERO DE CONTROL
campo de control DR-UNIBE
005 - FECHA Y HORA DE LA ÚLTIMA TRANSACCIÓN
campo de control 20251113101826.0
007 - CAMPO FIJO DE DESCRIPCIÓN FÍSICA--INFORMACIÓN GENERAL
campo de control de longitud fija cr nn 008mamaa
008 - DATOS DE LONGITUD FIJA--INFORMACIÓN GENERAL
campo de control de longitud fija 251113s2025 xx l s 00001spa
020 ## - NÚMERO INTERNACIONAL ESTÁNDAR DEL LIBRO
Número Internacional Estándar del Libro 9789978777527 (electrónico)
040 ## - FUENTE DE LA CATALOGACIÓN
Centro catalogador/agencia de origen BIBLIOTECA UNIBE
Centro/agencia transcriptor BIBLIOTECA UNIBE
Normas de descripción rda
041 ## - CÓDIGO DE LENGUA
Código de lengua del texto/banda sonora o título independiente spa
100 ## - ENTRADA PRINCIPAL--NOMBRE DE PERSONA
Nombre de persona Guerrero Salgado, Efrén
Término indicativo de función/relación autor
9 (RLIN) 200742
245 10 - MENCIÓN DE TÍTULO
Título Apuntes básicos de derecho internacional público
260 ## - PUBLICACIÓN, DISTRIBUCIÓN, ETC.
Lugar de publicación, distribución, etc. [Lugar de publicación no identificado] :
Nombre del editor, distribuidor, etc. Pontificia Universidad Católica del Ecuador,
Fecha de publicación, distribución, etc. 2025
300 ## - DESCRIPCIÓN FÍSICA
Extensión 273 páginas
500 ## - NOTA GENERAL
Nota general Recurso en línea:<br/>Disponible para miembros de UNIBE a través del portal web del CRAI: https://www.unibe.edu.do/biblioteca/libros-electronicos/
505 ## - NOTA DE CONTENIDO CON FORMATO
Nota de contenido con formato Capítulo 1. Derecho internacional público: una aproximación | <br/>Capítulo 2. Sistema de fuentes: las herramientas del derecho internacional público | <br/>Capítulo 3. Sujetos del derecho internacional público | <br/>Capítulo 4. Responsabilidad internacional | <br/>Capítulo 5. Medios de solución de controversias: altas cortes y organismos internacionales | <br/>Capítulo 6. Derecho internacional penal | <br/>Capítulo 7. Derecho internacional humanitario | <br/>
520 #3 - SUMARIO, ETC.
Sumario, etc. Este libro ofrece una introducción esencial al Derecho Internacional, abordando sus fundamentos, fuentes, sujetos, responsabilidad internacional y mecanismos de solución de controversias, centrado en el contexto ecuatoriano. Analiza la jurisprudencia de cortes internacionales, la responsabilidad tanto estatal como individual, y la aplicación del Derecho Internacional Humanitario en conflictos armados. Además, examina la cooperación y el cumplimiento de las normas internacionales, explorando su impacto en desafíos contemporáneos como el cambio climático, la protección de los derechos humanos, la lucha contra el crimen transnacional organizado y los conflictos por recursos naturales
650 #7 - PUNTO DE ACCESO ADICIONAL DE MATERIA--TÉRMINO DE MATERIA
Fuente del encabezamiento o término lemb
Término de materia o nombre geográfico como elemento de entrada Derecho internacional
650 #7 - PUNTO DE ACCESO ADICIONAL DE MATERIA--TÉRMINO DE MATERIA
Fuente del encabezamiento o término lemb
Término de materia o nombre geográfico como elemento de entrada Derecho humano
9 (RLIN) 200744
655 #4 - TÉRMINO DE INDIZACIÓN--GÉNERO/FORMA
Datos o término principal de género/forma Recurso electrónico
9 (RLIN) 42681
856 ## - LOCALIZACIÓN Y ACCESO ELECTRÓNICOS
Identificador Uniforme del Recurso <a href="https://ebookcentral.proquest.com/lib/unibedr/detail.action?docID=32125894">https://ebookcentral.proquest.com/lib/unibedr/detail.action?docID=32125894</a>
942 ## - ELEMENTOS DE PUNTO DE ACCESO ADICIONAL (KOHA)
Fuente del sistema de clasificación o colocación Sistema de Clasificación Decimal Dewey
Tipo de ítem Koha e-Libro (en línea)
Existencias
Estado de retiro Estado de pérdida Fuente del sistema de clasificación o colocación No para préstamo Código de colección Localización permanente Fecha de adquisición Total de préstamos Código de barras Fecha visto por última vez Número de copia Precio válido a partir de Tipo de ítem Koha
  Disponible Sistema de Clasificación Decimal Dewey   e-Libro de Texto (en línea) Biblioteca Central UNIBE 23/03/2026   EB0517 13/11/2025 copias ilimitadas 13/11/2025 e-Libro (en línea)